THE DISCIPLINE OF MARKET LEADERS (Record no. 4443)

MARC details
000 -LEADER
fixed length control field 00348nam a22001457a 4500
008 - FIXED-LENGTH DATA ELEMENTS--GENERAL INFORMATION
fixed length control field 250807b |||||||| |||| 00| 0 eng d
020 ## - INTERNATIONAL STANDARD BOOK NUMBER
ISBN 0201406489
100 ## - MAIN ENTRY--AUTHOR
Author TREACY MICHEAL
245 ## - TITLE STATEMENT
Title THE DISCIPLINE OF MARKET LEADERS
250 ## - EDITION STATEMENT
Edition statement 4th
260 ## - PUBLICATION, DISTRIBUTION, ETC. (IMPRINT)
Place of publication CANADA
Name of publisher ADDISON WESLEY
Date of publication 1995
300 ## - COLLATION
Pagination 208p.
942 ## - ADDED ENTRY ELEMENTS (KOHA)
Item type Books
050 ## - LIBRARY OF CONGRESS CALL NUMBER
Classification number HD 41
Item number .T74
Holdings
Source of classification or shelving scheme Not for loan Permanent location Current location Date acquired Accession No. Full call number Barcode. Koha item type
Library of Congress Classification   Samuel Ogbemudia Main Library, University of Abuja Samuel Ogbemudia Main Library, University of Abuja 08/08/2025 2003/24706 HD 41.T74 2025-3219 Books